Několik poznámek k současnému pojetí projektování.

Nové trendy v projektovaní ASR. Vlastnosti informatizovaného systému. Prepojenie úrovní projekcie a jej metodické nástroje. Metasystém pre technológiu projektovania. Fázový model technológie projektovania. Využívanie princípu prototypu pri projektovaní.

Gespeichert in:
Bibliographische Detailangaben
1. Verfasser: Gregor, J.
Format: Buchkapitel
Sprache:Tschechisch
Schlagworte:
Tags: Tag hinzufügen
Keine Tags, Fügen Sie das erste Tag hinzu!

MARC

LEADER 00000naa a2200000 4500
001 r003307
005 20221125075533.5
041 0 |a cze 
044 |a [CS] 
245 1 0 |a Několik poznámek k současnému pojetí projektování.  |c J. Gregor 
520 |a Nové trendy v projektovaní ASR. Vlastnosti informatizovaného systému. Prepojenie úrovní projekcie a jej metodické nástroje. Metasystém pre technológiu projektovania. Fázový model technológie projektovania. Využívanie princípu prototypu pri projektovaní. 
610 2 0 |a systémy riadenia automatizované 
610 2 0 |a projektovanie 
610 2 0 |a výstavba systémov informačných 
610 2 0 |a metodika 
610 2 0 |a metainformácie 
100 1 |a Gregor, J.